Comprensión de la naturaleza 5: quinto año de educación general básica

Saved in:
Bibliografiske detaljer
Main Authors: Iglesias Araya, Carlos (Author), Navarro Vidal, Ramón (Author), Opazo Sepúlveda, Raúl (Author), Parada Aguilar, Alejandra (Author)
Format: Bog
Sprog:spansk
Udgivet: Santiago EDEBE 1998
Fag:
Tags: Tilføj Tag
Ingen Tags, Vær først til at tagge denne postø!

MARC

LEADER 00000nam a2200000 a 4500
001 UCP5022
003 CL-VaPUC
008 990827e19980000CL |||||||||||||||||spa|d
082 0 4 |a 372.3  |b IGL  |2 21 
100 |a Iglesias Araya, Carlos  |e author  |9 463979 
700 0 |a Navarro Vidal, Ramón  |e author  |9 433134 
700 0 |a Opazo Sepúlveda, Raúl  |e author  |9 433135 
700 0 |a Parada Aguilar, Alejandra  |e author  |9 433136 
245 1 0 |a Comprensión de la naturaleza 5: quinto año de educación general básica 
300 |a 169 p 
942 |c BK 
945 |d 19990827 00:00:00  |a rbrito 
260 |a Santiago  |b EDEBE  |c 1998 
650 0 |a Educación básica   |9 224933 
650 0 |a Educación científica   |9 307484 
650 0 |a Métodos de enseñanza  |9 270413 
583 |a last modification  |c 20170824 11:54:19  |k Rodrigo Vera 
999 |c 282871  |d 282869 
952 |0 0  |1 0  |4 0  |6 372_300000000000000_IGL_1998  |7 0  |8 P  |9 325436  |a BIBEDU  |b BIBEDU  |c BIBEDU_PB  |d 2019-11-20  |i 3550257  |o 372.3 IGL 1998  |p 3550257  |r 2024-01-25  |w 2019-11-20  |y BK  |k EDU 
952 |0 0  |1 0  |4 0  |6 372_300000000000000_IGL_1998  |7 0  |8 P  |9 325437  |a BIBEDU  |b BIBEDU  |c BIBEDU_PB  |d 2019-11-20  |i 3550265  |o 372.3 IGL 1998  |p 3550265  |r 2024-01-25  |w 2019-11-20  |y BK  |k EDU